[Event "GBR-ch U120 op 105th"]
[Site "Hull"]
[Date "2018.08.01"]
[Round "3"]
[White "White, Nigel1111"]
[Black "Bienvenu, Lucas"]
[Result "1-0"]
[WhiteElo "1405"]
[BlackElo "1198"]
[PlyCount "45"]
[EventDate "2018.07.30"]
[EventType "swiss"]
[EventRounds "5"]
[EventCountry "ENG"]
[SourceTitle "EXT 2021"]
[Source "ChessBase"]
[SourceDate "2020.10.23"]
[SourceVersion "1"]
[SourceVersionDate "2020.10.23"]
[SourceQuality "1"]

1. e4 c5 2. c3 Nc6 3. d4 cxd4 4. cxd4 e6 5. d5 Ne5 6. f4 Ng6 7. Nc3 Bb4 8. a3 Ba5 9. Bd3 Nf6 10. Bd2 0-0 11. Nge2 Qc7 12. 0-0 Qc5+ 13. Kh1 Bxc3 14. Bxc3 Qe7 15. dxe6 Qxe6 16. f5 Qd6 17. fxg6 hxg6 18. e5 Qc6 19. exf6 gxf6 20. Bxf6 b6 21. Qd2 Bb7 22. Rf2 Kh7 23. Qe3 1-0

[Event "GBR-ch U120 op 105th"]
[Site "Hull"]
[Date "2018.07.31"]
[Round "2"]
[White "Bienvenu, Lucas"]
[Black "Jackson, Paul Robert"]
[Result "0-1"]
[WhiteElo "1198"]
[BlackElo "1574"]
[PlyCount "86"]
[EventDate "2018.07.30"]
[EventType "swiss"]
[EventRounds "5"]
[EventCountry "ENG"]
[SourceTitle "EXT 2021"]
[Source "ChessBase"]
[SourceDate "2020.10.23"]
[SourceVersion "1"]
[SourceVersionDate "2020.10.23"]
[SourceQuality "1"]

1. e4 e6 2. d4 d5 3. e5 b6 4. Nf3 c6 5. c3 Ba6 6. Bd3 Bxd3 7. Qxd3 Qc8 8. 0-0 Qa6 9. Qxa6 Nxa6 10. Nbd2 g6 11. Nb3 h5 12. Bg5 Bh6 13. Bxh6 Nxh6 14. h3 Nf5 15. a4 Ke7 16. a5 Nc7 17. Ra2 Rhb8 18. Nbd2 bxa5 19. Rxa5 Rxb2 20. Rc5 Kd7 21. Nb1 Rab8 22. Na3 Ra2 23. Nb1 Na6 24. Nbd2 Nxc5 25. dxc5 Rb5 26. Nd4 Rxc5 27. Nb1 Nxd4 28. cxd4 Rb5 29. Nc3 Rab2 30. Nxb5 Rxb5 31. Ra1 a5 32. Ra4 Kc7 33. Kf1 Kb6 34. Ke2 Rb4 35. Rxb4+ axb4 36. Kd2 Kb5 37. Kd3 Ka4 38. Kc2 Ka3 39. Kb1 Kb3 40. h4 Kc4 41. f4 Kxd4 42. Kb2 c5 43. g3 c4 0-1

[Event "GBR-ch U120 op 105th"]
[Site "Hull"]
[Date "2018.07.30"]
[Round "1"]
[White "Archer, David J"]
[Black "Bienvenu, Lucas"]
[Result "0-1"]
[WhiteElo "104"]
[BlackElo "1198"]
[PlyCount "70"]
[EventDate "2018.07.30"]
[EventType "swiss"]
[EventRounds "5"]
[EventCountry "ENG"]
[SourceTitle "EXT 2021"]
[Source "ChessBase"]
[SourceDate "2020.10.23"]
[SourceVersion "1"]
[SourceVersionDate "2020.10.23"]
[SourceQuality "1"]

1. d4 d5 2. Nf3 Nf6 3. e3 e6 4. Bd3 Nbd7 5. Nbd2 Bd6 6. 0-0 b6 7. e4 dxe4 8. Nxe4 Bb7 9. Nxf6+ Nxf6 10. Bg5 0-0 11. c4 c5 12. dxc5 Bxc5 13. Qc2 h6 14. Bxf6 Qxf6 15. Nd2 Qg5 16. Ne4 Qg4 17. h3 Qg6 18. Kh1 f5 19. Ng3 Bd6 20. Qe2 Bxg3 21. fxg3 Qxg3 22. Qxe6+ Kh8 23. Qe2 Rae8 24. Qc2 Qxh3+ 25. Kg1 Qe3+ 26. Kh1 Qh3+ 27. Kg1 Bxg2 28. Qxg2 Qxd3 29. Rad1 Qxc4 30. Rd7 Rf7 31. Rfd1 Rxd7 32. Rxd7 Re1+ 33. Kh2 Qh4+ 34. Qh3 Rh1+ 35. Kxh1 Qxh3+ 0-1

[Event "GBR-ch Yates op 105th"]
[Site "Hull"]
[Date "2018.07.29"]
[Round "5"]
[White "Bienvenu, Lucas"]
[Black "Buswell, Paul"]
[Result "0-1"]
[WhiteElo "1198"]
[BlackElo "109"]
[PlyCount "56"]
[EventDate "2018.07.27"]
[EventType "swiss"]
[EventRounds "5"]
[EventCountry "ENG"]
[SourceTitle "EXT 2021"]
[Source "ChessBase"]
[SourceDate "2020.10.23"]
[SourceVersion "1"]
[SourceVersionDate "2020.10.23"]
[SourceQuality "1"]

1. e4 d6 2. d4 Nf6 3. Nc3 g6 4. Bf4 Bg7 5. Bc4 0-0 6. Nf3 c5 7. dxc5 dxc5 8. 0-0 Nc6 9. a3 Bg4 10. h3 Qxd1 11. Raxd1 Bxf3 12. gxf3 Nd4 13. Bd3 Nxf3+ 14. Kg2 Nd4 15. Be3 Rfd8 16. Rd2 Rac8 17. Bc4 b5 18. Bxd4 cxd4 19. Nxb5 Rxc4 20. c3 Nxe4 21. Rd3 a6 22. Na7 Rd7 23. f3 Rxa7 24. fxe4 dxc3 25. bxc3 Rxc3 26. Rxc3 Bxc3 27. Rc1 Rc7 28. Rc2 Be5 0-1